| 000 | 00792nam a2200241 a 4500 | ||
|---|---|---|---|
| 001 | 1524 | ||
| 003 | BR-CuiBMT | ||
| 005 | 20231214005134.0 | ||
| 008 | 231108s201u rjb 000 0 por d | ||
| 040 |
_aBR-CuiBMT _cBR-CuiBMT |
||
| 080 |
_22007 _a342.9 |
||
| 090 |
_a342.9 _bA485d |
||
| 100 | 1 | _aAmaral, Flávio | |
| 245 | 1 | 0 |
_aDireito administrativo contratual / _cFlavio Amaral. |
| 260 |
_aRio de Janeiro : _bFGV, _c[201-]. |
||
| 300 |
_a258 p. ; _c29 cm |
||
| 500 | _a"Fascículo elaborado para o curso MPA em Direito do Estado e a Administração Pública." | ||
| 504 | _aInclui bibliografia. | ||
| 610 | 1 |
_aMato Grosso. _bTribunal de Contas do Estado. |
|
| 650 |
_aDireito administrativo contratual _zBrasil |
||
| 650 |
_aDireito administrativo _xContratos _zBrasil |
||
| 942 |
_2udc _cLV |
||
| 999 |
_c1524 _d1524 |
||